000 00638nam a22002171i 4500
003 OSt
005 20150312180442.0
008 900514s1995 sp spa
020 _a968-432-645-9
040 _cBMC
082 _a936.4
100 1 0 _9107
_aCésar, Cayo Julio
245 1 0 _aComentarios de la guerra de las Galias
_cJulio César ; prólogo, Xavier Tavera
250 _a6ª ed
260 0 _aMéxico D.F.
_bPorrúa
_c1995
300 _a195 p.
_c22 cm
490 _aSepan cuantos...
_v20
651 2 4 _930903
_aGalia
_xHistoria
_y58-51 a.C. (Guerra de las Galias)
700 1 _930905
_aTavera Alfaro, Xavier
942 _2ddc
_cBK
999 _c18445
_d18445